000
00249nam a22001097a 4500
008
240610b |||||||| |||| 00| 0 eng d
100
_a
Vasudev, Nirmal
_9
15210
245
_a
Thik Ba Te
260
_b
Sindhu Pub.
_c
1968
300
_a
180p.
942
_c
BK
999
_c
39464
_d
39464